000 00781nam a2200181Ia 4500
008 151018s9999 xx 000 0 und d
082 _bRBASDV45449
_a891.462041
100 _aदिलीप प्रभावळकर
245 _aदिलीप प्रभावळकरांच्या एकांकिका
250 _b2
260 _bउत्कर्ष प्रकाशन पुणे
_c2008
300 _a56
600 _aदिलीप प्रभावळकर
630 _aदिलीप प्रभावळकरांच्या एकांकिका
700 _aदिलीप प्रभावळकर
730 _aदिलीप प्रभावळकरांच्या एकांकिका
942 _cBOOK
999 _c1044633
_d1044630